Vida y obras de Ricardo de la Vega / (Record no. 94677)

MARC details
000 -LEADER
campo de control de longitud fija 00535nam a2200181 i 4500
001 - NÚMERO DE CONTROL
campo de control 94677
003 - IDENTIFICADOR DE NÚMERO DE CONTROL
campo de control ES-MaACL
005 - FECHA Y HORA DE LA ÚLTIMA TRANSACCIÓN
campo de control 20230906181530.0
007 - CAMPO FIJO DE DESCRIPCIÓN FÍSICA--INFORMACIÓN GENERAL
campo de control de longitud fija t|
008 - DATOS DE LONGITUD FIJA--INFORMACIÓN GENERAL
campo de control de longitud fija 050511s1963 sp ||||1| spa d
100 1# - ENTRADA PRINCIPAL--NOMBRE DE PERSONA
Nombre de persona Lozano Guirao, Pilar.
9 (RLIN) 74447
245 10 - MENCIÓN DEL TÍTULO
Título Vida y obras de Ricardo de la Vega /
Mención de responsabilidad, etc. Pilar Lozano Guirao.
260 ## - PUBLICACIÓN, DISTRIBUCIÓN, ETC.
Lugar de publicación, distribución, etc. Murcia :
Nombre del editor, distribuidor, etc. Suc.de Nogués,
Fecha de publicación, distribución, etc. 1963.
300 ## - DESCRIPCIÓN FÍSICA
Extensión 350 p., 3 h., 1 lám.(1) ;
Dimensiones 24 cm.
500 ## - NOTA GENERAL
Nota general (1) Ret. Biog.
700 1# - ENTRADA AGREGADA--NOMBRE PERSONAL
Nombre de persona Vega, Ricardo de la.
9 (RLIN) 113583
852 ## - LOCALIZACIÓN
Ubicación ES-MaACL
Número de control de estantería C-30207
Sublocalización o colección R.60628
Holdings
Estatus retirado Estado de pérdida Estado de daño No para préstamo Biblioteca de origen Biblioteca actual Ubicación en estantería Fecha de adquisición Fuente de adquisición Total de préstamos Signatura topográfica completa Código de barras Visto por última vez Precio de reemplazo Tipo de ítem Koha
        Biblioteca del Ateneo de Madrid Biblioteca del Ateneo de Madrid Depósito 2 17/01/2008     C-30207 1098876 23/02/2023 23/02/2023 Libro impreso